Statistiques concernant Effectif PSG 2017/2018

Cliquez ici pour prendre le quiz!

Statistiques générales

  • Ce quiz a été pris 348 fois
  • Le résultat moyen est 19 sur 25

Statistiques - réponses

NuméroPosteNationalitéRéponse% Correct
9AttaquantUruguayEdinson Cavani
99%
5DéfenseurBrésilMarquinhos
98%
10AttaquantBrésilNeymar Jr
98%
2DéfenseurBrésilThiago Silva
98%
6MilieuItalieVerratti
98%
3DéfenseurFrancePresnel Kimpembe
97%
11AttaquantArgentineAngel Di Maria
96%
1GardienAllemagneKevin Trapp
96%
12DéfenseurBelgiqueThomas Meunier
95%
16GardienFranceAlphonse Areola
93%
29AttaquantFranceKylian Mbappé
88%
8MilieuItalieThiago Motta
88%
7AttaquantBrésilLucas Moura
86%
23MilieuAllemagneJulian Draxler
82%
25MilieuFranceAdrien Rabiot
74%
13DéfenseurBrésilDani Alves
72%
18MilieuArgentineGiovani Lo Celso
64%
27MilieuArgentineJavier Pastore
62%
20DéfenseurFranceLayvin Kurzawa
59%
17AttaquantPortugalGonçalo Guedes
57%
22AttaquantEspagneJesé Rodriguez
48%
24AttaquantFranceChristopher Nkunku
47%
19MilieuFranceLassana Diarra
25%
21AttaquantFranceHatem Ben Arfa
24%
50GardienFranceSébastien Cibois
15%

Distribution des résultats

Percentile par nombre de réponses

% des personnes avec chaque résultat

Votre développement - résultats

Vous n’avez pas pris ce quiz